Catálogo - Centro de Recursos para el Aprendizaje y la Investigación

Volver al Sitio - CRAI Biblioteca

Williams obstetricia (Registro nro. 114694)

Detalles MARC
000 -CABECERA
campo de control de longitud fija 01712nam a2200349Ia 4500
001 - NÚMERO DE CONTROL
campo de control 114694
003 - IDENTIFICADOR DEL NÚMERO DE CONTROL
campo de control DR-UNIBE
005 - FECHA Y HORA DE LA ÚLTIMA TRANSACCIÓN
campo de control 20260528094018.0
007 - CAMPO FIJO DE DESCRIPCIÓN FÍSICA--INFORMACIÓN GENERAL
campo de control de longitud fija cr nn 008mamaa
008 - DATOS DE LONGITUD FIJA--INFORMACIÓN GENERAL
campo de control de longitud fija 260528b2022 mx |||||s|||| 00| 0 spa d
020 ## - NÚMERO INTERNACIONAL ESTÁNDAR DEL LIBRO
Número Internacional Estándar del Libro 9786071518293
020 ## - NÚMERO INTERNACIONAL ESTÁNDAR DEL LIBRO
Número Internacional Estándar del Libro 9786071518309 (electrónico)
040 ## - FUENTE DE LA CATALOGACIÓN
Centro catalogador/agencia de origen BIBLIOTECA UNIBE
Centro/agencia transcriptor BIBLIOTECA UNIBE
Normas de descripción rda
041 ## - CÓDIGO DE LENGUA
Código de lengua del texto/banda sonora o título independiente spa
Código de lengua original eng
245 00 - MENCIÓN DE TÍTULO
Título Williams obstetricia
250 ## - MENCIÓN DE EDICIÓN
Mención de edición Vigésima sexta edición
260 ## - PUBLICACIÓN, DISTRIBUCIÓN, ETC.
Lugar de publicación, distribución, etc. México :
Nombre del editor, distribuidor, etc. McGraw-Hill Interamericana,
Fecha de publicación, distribución, etc. 2022
300 ## - DESCRIPCIÓN FÍSICA
Extensión xvi, 1328 páginas :
Otras características físicas ilustraciones
500 ## - NOTA GENERAL
Nota general Recurso en línea:<br/>Disponible para miembros de UNIBE a través del portal web del CRAI: https://www.unibe.edu.do/biblioteca/libros-electronicos/
505 ## - NOTA DE CONTENIDO CON FORMATO
Nota de contenido con formato Sección 1. Descripción General |<br/>Sección 2. Anatomía Y Fisiología Maternas |<br/>Sección 3. Placentación, Embriogénesis Y Desarrollo Fetal |<br/>Sección 4. Atención Preconcepcional Y Prenatal |<br/>Sección 5. El Paciente Fetal |<br/>Sección 6. Complicaciones Al Inicio Del Embarazo |<br/>Sección 7. Trabajo De Parto |<br/>Sección 8. Parto |<br/>Sección 9. El Recién Nacido |<br/>Sección 10. El Puerperio |<br/>Sección 11. Complicaciones Obstétricas |<br/>Sección 12. Complicaciones Médicas Y Quirúrgicas |<br/>
650 ## - PUNTO DE ACCESO ADICIONAL DE MATERIA--TÉRMINO DE MATERIA
Término de materia o nombre geográfico como elemento de entrada Obstetricia
650 ## - PUNTO DE ACCESO ADICIONAL DE MATERIA--TÉRMINO DE MATERIA
Término de materia o nombre geográfico como elemento de entrada Medicina
655 ## - TÉRMINO DE INDIZACIÓN--GÉNERO/FORMA
Datos o término principal de género/forma Recurso electrónico
9 (RLIN) 42681
700 ## - PUNTO DE ACCESO ADICIONAL--NOMBRE DE PERSONA
Nombre de persona Cunningham, F. Gary
9 (RLIN) 16195
Término indicativo de función/relación añutor
700 ## - PUNTO DE ACCESO ADICIONAL--NOMBRE DE PERSONA
9 (RLIN) 43060
Nombre de persona Leveno, Kenneth J.
Término indicativo de función/relación autor
700 ## - PUNTO DE ACCESO ADICIONAL--NOMBRE DE PERSONA
9 (RLIN) 172506
Nombre de persona Dashe, Jodi S.
Término indicativo de función/relación autor
700 ## - PUNTO DE ACCESO ADICIONAL--NOMBRE DE PERSONA
9 (RLIN) 172507
Nombre de persona Hoffman, Barbara L.
Término indicativo de función/relación autor
700 ## - PUNTO DE ACCESO ADICIONAL--NOMBRE DE PERSONA
9 (RLIN) 172505
Nombre de persona Spong, Catherine Y.
Término indicativo de función/relación autor
700 ## - PUNTO DE ACCESO ADICIONAL--NOMBRE DE PERSONA
9 (RLIN) 172508
Nombre de persona Casey, Brian M.
Término indicativo de función/relación autor
856 ## - LOCALIZACIÓN Y ACCESO ELECTRÓNICOS
Identificador Uniforme del Recurso <a href="https://ezproxy.unibe.edu.do:2069/?il=40511">https://ezproxy.unibe.edu.do:2069/?il=40511</a>
942 ## - ELEMENTOS DE PUNTO DE ACCESO ADICIONAL (KOHA)
Tipo de ítem Koha e-Libro (en línea)
Fuente del sistema de clasificación o colocación Sistema de Clasificación Decimal Dewey
Existencias
Estado de retiro Estado de pérdida Fuente del sistema de clasificación o colocación No para préstamo Código de colección Localización permanente Fecha de adquisición Total de préstamos Código de barras Fecha visto por última vez Número de copia Precio válido a partir de Tipo de ítem Koha
  Disponible Sistema de Clasificación Decimal Dewey   e-Libro de Texto (en línea) Biblioteca Central UNIBE 28/05/2026   EB0558 28/05/2026 copias ilimitadas 28/05/2026 e-Libro (en línea)